The last photo /

Guardado en:
Formato: Libro
Idioma:Undetermined
Publicado: 2015.
Materias:
Etiquetas: Agregar Etiqueta
Sin Etiquetas, Sea el primero en etiquetar este registro!
LEADER 00345nam a22001335a 4500
001 CEM.cems018921
008 211019s2015####xx############000#0#und#d
005 20211019174218.0
003 CEMS
245 1 0 |a The last photo /  |c Bernarf Smith. 
260 |c 2015. 
653 |a Texto Inglés 
653 |a Caja Inglés 1 
859 |a CEMS  |b BIB. CEMS - 11 de abril  |p SSR-44  |t Ej. 1